| 000 | 00717nam a2200253Ia 4500 | ||
|---|---|---|---|
| 003 | OSt | ||
| 005 | 20221005092018.0 | ||
| 006 | a|||||r|||| 00| 0 | ||
| 007 | ta | ||
| 008 | 221004b |||||||| |||| 00| 0 eng d | ||
| 024 | _a120851 | ||
| 037 |
_bGift, 10/08/2012, _cTextual |
||
| 040 |
_aCRL _cCRL _beng |
||
| 041 |
_2eng _aeng |
||
| 082 | _aO111,3M82,LH:g, M1 | ||
| 100 |
_aWoolf Virgina _9406584 |
||
| 245 | 0 | _aTo the lighthouse | |
| 260 |
_aNew York _bQuality Paperback Book USA _c1981 |
||
| 300 |
_a209p. _ccm. |
||
| 650 | _a ENGLISH FICTION | ||
| 650 | _aENGLISH LITERATURE | ||
| 942 |
_hO111,3M82,LH:g, M1 _cTEXL _2cc |
||
| 999 |
_c998154 _d998154 |
||